000 00316nam a2200133Ia 4500
008 240624s9999 xx 000 0 und d
041 _aeng
082 _a823 HYL
100 _aHYLTON SARA
245 _aARRANGED MARRIAGE
260 _c2006
_aGreat Britain
_bM & B
300 _a472 : p. : cm. ; 17
365 _cRS
_b20
999 _c14374
_d14374